00482nam a2200193 a 4500001001300000003000900013005001700022008004100039020000900080082001500089100002000104245002800124260004300152300000900195500003500204505001000239650001900249700002000268nice12345678IN_TiNIC20260116012620.0050524s1984 newa grp 000 0 urd  ac4900a954.8bYAZ aYazdani, Ghulam aDeccan Ki Qadeem Tarikh aNew DelhibTaraqqi-E-urdu Beuro c1984 a803p aincludes index and biblioraphy2 aindex aDeccan-History1 aYazdani, Ghulam